মৌলবাদ স্পন্দিত নিসর্গে / (Record no. 18821)

MARC details
000 -LEADER
fixed length control field 00764nam a22001937a 4500
003 - CONTROL NUMBER IDENTIFIER
control field BDDh-ASL
005 - DATE AND TIME OF LATEST TRANSACTION
control field 20231015025735.0
008 - FIXED-LENGTH DATA ELEMENTS--GENERAL INFORMATION
fixed length control field 201028s2004 bg ||||| |||| 00| 0 b d
040 ## - CATALOGING SOURCE
Original cataloging agency BDDh-ASL
Transcribing agency BDDh-ASL
041 ## - LANGUAGE CODE
Language code of text/sound track or separate title ben
082 ## - DEWEY DECIMAL CLASSIFICATION NUMBER
Classification number 297.9
Item number BAM
100 1# - MAIN ENTRY--PERSONAL NAME
9 (RLIN) 350
Personal name বদিউজজামান
Titles and words associated with a name ড.
245 10 - TITLE STATEMENT
Title মৌলবাদ স্পন্দিত নিসর্গে /
246 ## - VARYING FORM OF TITLE
Title proper/short title Moulabad Spondita Nishargey (Fundamentalism in the Rhythm of Nature) by Dr. Badiuzzaman.
260 ## - PUBLICATION, DISTRIBUTION, ETC.
Place of publication, distribution, etc. ঢাকা :
Name of publisher, distributor, etc. সেন্টার ফর বাংলাদেশ স্টাডিজ,
Date of publication, distribution, etc. 2004.
300 ## - PHYSICAL DESCRIPTION
Extent ২২৪ পৃ. :
Dimensions ২২ সে. মি.
650 #0 - SUBJECT ADDED ENTRY--TOPICAL TERM
Topical term or geographic name entry element Maulabāda, মৌলবাদ, Fundamentalism,
9 (RLIN) 1724
942 ## - ADDED ENTRY ELEMENTS (KOHA)
Source of classification or shelving scheme Dewey Decimal Classification
Koha item type Books
Holdings
Withdrawn status Lost status Source of classification or shelving scheme Damaged status Not for loan Collection code Home library Current library Shelving location Date acquired Source of acquisition Total Checkouts Full call number Barcode Date last seen Copy number Price effective from Koha item type Public note
    Dewey Decimal Classification     Non-fiction Asiatic Society Library Asiatic Society Library General Stacks 10/28/2020 Complementary   297.9 BAM 102049 10/28/2020 C-1 10/28/2020 Books  
    Dewey Decimal Classification     Non-fiction Asiatic Society Library Asiatic Society Library General Stacks 03/30/2023 Complimentary   297.9 BAM 120192 03/30/2023 C-2 03/30/2023 Books Y-2004

Powered by Koha